Astronomía /
El nacimiento de las estrellas. Supernovas. La aparición de vida en la tierra. Posibilidades de vida en otros planetas u otros sistemas planetarios. La observación del cosmos al telescopio. Radiotelescopio.
Guardado en:
| Autor Principal: | |
|---|---|
| Formato: | |
| Series: | Todo ciencia
|
| Materias: | |
| Etiquetas: |
Agregar Etiqueta
Sin Etiquetas, Sea el primero en etiquetar este registro!
|
| LEADER | 00978ngm a22002655g 4500 | ||
|---|---|---|---|
| 001 | CEM.cems022083 | ||
| 008 | 130507b1994##################0###0#####d | ||
| 005 | 20241003162014.0 | ||
| 245 | 1 | 0 | |a Astronomía / |c Richard Jutras. |
| 300 | |a 25'. | ||
| 490 | 0 | |a Todo ciencia | |
| 500 | |a En soporte VHS, consultar en ventanilla. | ||
| 538 | |a Soporte: VHS - Norma: Pal N - Color - Grabación DRD 1994 - Hitachi=5395 | ||
| 520 | |a El nacimiento de las estrellas. Supernovas. La aparición de vida en la tierra. Posibilidades de vida en otros planetas u otros sistemas planetarios. La observación del cosmos al telescopio. Radiotelescopio. | ||
| 100 | 1 | |a Jutras, Richard | |
| 082 | 5 | 2 | |/ JUT |
| 653 | |a ASTRONOMIA | ||
| 653 | |a ESTRELLAS | ||
| 653 | |a VIDA EXTRATERRESTRE | ||
| 653 | |a TIERRA | ||
| 653 | |a TELESCOPIOS | ||
| 653 | |a RADIOTELESCOPIOS | ||
| 653 | |a SUPERNOVAS | ||
| 653 | |a NIVEL SECUNDARIO | ||
| 859 | |a CEMS |b BIB. CEMS - Depto. Recursos Didacticos |h 520 |i JUT |k DRD |p 726.12 |t Ej.1 | ||
